| 000 | 00396pam a2200157a 44500 | ||
|---|---|---|---|
| 008 | 230515b1989 xxu||||| |||| 00| 0 eng d | ||
| 020 | _aNULL | ||
| 041 | _aENG | ||
| 082 | _a615.532 | ||
| 100 | _aLEAVITT SHELDON | ||
| 245 | _aHOMOEOPATHIC THERAPEUTICS AS APPLIED TO OBSTETRICS | ||
| 250 | _a0 | ||
| 260 |
_aNULL _bB JAIN PUBLISHER _c1989 |
||
| 300 | _a121 | ||
| 650 | _aOBSTETRIC & GYNECOLOGY | ||
| 999 |
_c545791 _d545791 |
||